000
00303nam a22001217a 4500
020
_a
9788131506622
082
_a
070.175
100
_a
Susan Tyler Eastman
245
_a
Electronic media programming strategies and practices
260
_a
Australia
_b
Wardsworth
_c
2006.
300
_a
441p
942
_c
BK
999
_c
2751
_d
2751